000 00771nam a2200241Ia 4500
003 OSt
005 20220926000050.0
006 a|||||r|||| 00| 0
007 ta
008 220923b |||||||| |||| 00| 0 eng d
037 _cGeneral Book
040 _aRTL
_cRTL
_beng
041 _2eng
_aeng
082 _aY31:7:7.2.N8, M6/GD
110 _aIndia, Agriculture (M/O-), Rural Developemnt (Deptt of-)
_9302062
245 0 _aIntegrated rural devlopment and allied programmes
260 _a New Delhi
_bGovt Press India
_c1986
300 _a156p.
_ccm.
650 _aCommunity Development
700 _aIndia, Agriculture (M/O-), Rural Developemnt (Deptt of-)
_9302063
942 _hY31:7:7.2.N8, M6/GD
_cGB
_2CC
999 _c598388
_d598388